000 01571cam a2200325 a 4500
001 4720573
003 ARRUPE
005 20141114130824.0
008 830602s1983 xx a b 100 0 eng
010 _a 83142712
020 _c$5.00 (pbk.)
040 _aDLC
_cDLC
_dDLC
050 0 0 _aHD9000.5
_b.C52 1981
082 0 0 _a363.8/83
_219
111 2 _aChurch-University Conference on World Hunger
_d(1981 :
_cMadison, Wis.)
_912684
245 1 0 _aTo end hunger :
_ban exploration of alternative strategies in the struggle against world hunger, the report of the Church-University Conference on World Hunger /
_cLouis L. Knowles, editor ; sponsored by the Coordinating Council for Hunger Concerns of the National Council of the Churches of Christ in the U.S.A.
260 _a[S.l.] :
_bThe Council ;
_aNew York, N.Y. :
_bTo order, write to Hunger Action Fund, UCBWM,
_cc1983.
300 _a264 p. :
_bill. ;
_c22 cm.
504 _aIncludes bibliographical references.
650 0 _aFood supply
_xCongresses.
_912685
650 0 _aFood relief
_xCongresses.
_912686
650 0 _aAgricultural assistance
_xCongresses.
_912687
650 0 _aFood supply
_xResearch
_xCongresses.
_912688
650 0 _aFood relief
_xResearch
_xCongresses.
_912689
650 0 _aAgricultural assistance
_xResearch
_xCongresses.
_912690
700 1 _aKnowles, Louis L.
_912691
710 2 _aNational Council of the Churches of Christ in the United States of America.
_bCoordinating Council for Hunger Concerns.
_912692
906 _a7
_bcbc
_corignew
_d2
_encip
_f19
_gy-gencatlg
942 _2lcc
_cMONOGRAPH
999 _c121254
_d121254